| 000 | 00882nam a2200253Ia 4500 | ||
|---|---|---|---|
| 003 | OSt | ||
| 005 | 20221005112221.0 | ||
| 006 | a|||||r|||| 00| 0 | ||
| 007 | ta | ||
| 008 | 221004b |||||||| |||| 00| 0 pan d | ||
| 020 |
_a8171435092 (hbk) _c140 |
||
| 024 | _a5619 | ||
| 037 |
_b704, 14/06/2013, H.K. Prakashan _cTextual |
||
| 040 |
_aCRL _cCRL _bpan |
||
| 041 |
_2pan _apan |
||
| 082 | _aDelta73, 153Q0 | ||
| 100 | _aਰੂਬੀ, ਹਰਪ੍ਰੀਤ | ||
| 245 | 0 | _aਪੰਜਾਬੀ ਸੂਖ਼ੀ ਕਾਵਿ ਰੂਪ | |
| 260 |
_aਅੰਮ੍ਰਿਤਸਰ _bਰਵੀ ਸਾਹਿਤ ਪ੍ਰਕਾFਨ ਭਾਰਤ _c2010 |
||
| 300 |
_a120ਪੰ _ccm. |
||
| 650 | _aਅਧਿਆਤਮਵਾਦ | ||
| 942 |
_hDelta73, 153Q0 _cTEXL _2cc |
||
| 999 |
_c1024226 _d1024226 |
||